ہندوستانی جمالیات / (Record no. 173257)
[ view plain ]
| 000 -LEADER | |
|---|---|
| fixed length control field | 00601nam a22001937a 4500 |
| 005 - DATE AND TIME OF LATEST TRANSACTION | |
| control field | 20200221103132.0 |
| 010 ## - LCCN (DPL NO) | |
| LC control number | A-678401 |
| 020 ## - INTERNATIONAL STANDARD BOOK NUMBER | |
| Terms of availability | 200.00 |
| 035 ## - SYSTEM CONTROL NUMBER | |
| System control number | A-678401 |
| 037 ## - SOURCE OF ACQUISITION | |
| Source of stock number/acquisition | BPPD/Pub. |
| 082 ## - DEWEY DECIMAL CLASSIFICATION NUMBER | |
| Classification number | 700 |
| 100 ## - MAIN ENTRY--PERSONAL NAME | |
| Personal name | شکیل الرحمان |
| 245 ## - TITLE STATEMENT | |
| Title | ہندوستانی جمالیات / |
| Statement of responsibility, etc | شکیل الرحمان |
| 246 ## - VARYING FORM OF TITLE | |
| Title proper/short title | Hindustani Jamaliyat (urdu) / |
| Remainder of title | by Shakilur Rehman |
| 260 ## - PUBLICATION, DISTRIBUTION, ETC. (IMPRINT) | |
| Place of publication, distribution, etc | New Delhi |
| Name of publisher, distributor, etc | Modern Publishing House |
| Date of publication, distribution, etc | 1994 ء |
| 270 ## - ADDRESS | |
| Address | 9, Gola Market, Daryaganj |
| City | New Delhi |
| Postal code | 110002 |
| 300 ## - PHYSICAL DESCRIPTION | |
| Extent | 276p. |
| Dimensions | 22cm(Hb) |
| 942 ## - ADDED ENTRY ELEMENTS (KOHA) | |
| Source of classification or shelving scheme | Dewey Decimal Classification |
| Item type | Urdu Bks |
| Classification part | 700 |
| Call number suffix | ش ک ی |
| Withdrawn status | Lost status | Not for loan | Collection code | Home library | Current library | Date acquired | Source of acquisition | Cost, normal purchase price | Full call number | Barcode | Copy number | Cost, replacement price | Koha item type |
|---|---|---|---|---|---|---|---|---|---|---|---|---|---|
| Non-fiction | Central Library | Central Library | 21/02/2020 | BPPD/Ven. | 200.00 | 700 ش ک ی | A-678401 | 2 | 200.00 | Urdu Bks |
